Music Quiz

Random Music or Song Quiz

5-Letter Songs (A–Z) Quiz Stats

Quiz Updated Nov 17, 2016

Also try: A-Z Keypad Blitz
Challenge
Share
Tweet
Embed
Score 0/25 Timer 05:00
7 Plays Today
Letter Song % Correct
RRehab
73.1%
FFaith
65.5%
VVogue
64.8%
CCrazy
62%
HHello
61%
EEat It
58.3%
LLoser
57.9%
AAngie
51%
MMoney
51%
DDrive
50.6%
SShout
32.7%
NNasty
32.3%
QQueer
27.8%
Letter Song % Correct
WWoman
27.6%
BBlack
23.9%
JJuicy
22.3%
OOh Boy!
19.1%
GGrace
18.3%
TThink
17.4%
UUse Me
12.1%
ZZebra
11.9%
II Wish
10.4%
PPanic
9.7%
KKicks
8.7%
YYouth
6.3%

You're not logged in!

Compare scores with friends on all Sporcle quizzes.
Sign Up with Email
OR
Log In

You Might Also Like...

Show Comments

Extras

Top Quizzes Today


Score Distribution

Your Account Isn't Verified!

In order to create a playlist on Sporcle, you need to verify the email address you used during registration. Go to your Sporcle Settings to finish the process.